|
|
|
|
| LEADER |
01268ncm a22002892a 4500 |
| 001 |
000205855 |
| 003 |
CZ BrMZK |
| 005 |
20150122175403.0 |
| 007 |
qu |
| 008 |
010907s1885 fr f zxx d |
| 040 |
|
|
|a BOA001
|b cze
|
| 072 |
|
7 |
|a 786
|x Hudba pro klávesové nástroje
|2 Konspekt
|9 9
|
| 100 |
0 |
|
|a Hervé,
|d 1825-1892
|7 jn20000400937
|4 cmp
|
| 245 |
1 |
0 |
|a Mam'zelle Nitouche
|h [hudebnina] :
|b Comédie-Opérette de M. M. Henri Meilhac et Albert Milaud ; et Mam'zelle Gavroche : Comédie-Opérette de M. M. Edmond Gondinet, Ernst Blum et A. de Stalbin : partitions transcrites pour piano solo /
|c musique de Hervé
|
| 246 |
3 |
0 |
|a Mam'zelle Nitouche et Mam'zelle Gavroche
|
| 260 |
|
|
|a Paris :
|b Au Ménestrel,
|c 1885
|
| 300 |
|
|
|a 131 s.
|
| 700 |
1 |
|
|a Meilhac, Henri,
|d 1831-1897
|7 jn19990005575
|4 lbt
|
| 700 |
1 |
|
|a Millaud, Arthur David,
|d 1844-1892
|7 jn20020722552
|4 lbt
|
| 700 |
1 |
|
|a Gondinet, Edmond,
|d 1828-1888
|7 jn20000602049
|4 lbt
|
| 700 |
1 |
|
|a Blum, Ernest,
|d 1836-1907
|7 jx20071004001
|4 lbt
|
| 700 |
1 |
|
|a Saint-Albin, Albert de,
|d 1843-1901
|7 mzk2013755964
|4 lbt
|
| 740 |
0 |
2 |
|a Mam'zelle Gavroche
|
| 910 |
|
|
|a BOA001
|b Mus3-0206.068
|
| 990 |
|
|
|a MU
|
| 991 |
|
|
|b 201109
|
| 996 |
6 |
|
|b 2619910449
|c Mus3-0206.068
|l MZK
|r Sklad / do 1 hodiny
|n 5
|w 000205855
|u 000010
|a 1
|e BOA001
|j MZK50
|s P
|